[Event "Titled Tuesday intern op 06th Sep Early"]
[Site "Chess.com INT"]
[Date "2022.09.06"]
[Round "6"]
[White "Koridze, Lile"]
[Black "Pertinez Soria, Juan Luis"]
[Result "0-1"]
[WhiteElo "2081"]
[BlackElo "2179"]
[PlyCount "73"]
[EventDate "2022.09.06"]
[EventType "swiss (blitz)"]
[EventRounds "11"]
[EventCountry "USA"]
[SourceTitle "EXT 2023"]
[Source "ChessBase"]
[SourceDate "2022.10.05"]
[SourceVersion "1"]
[SourceVersionDate "2022.10.05"]
[SourceQuality "1"]

1. d4 Nf6 2. c4 e6 3. Nf3 b6 4. g3 Bb7 5. Bg2 Bb4+ 6. Bd2 a5 7. 0-0 0-0 8. a3 Be7 9. Nc3 d6 10. Qc2 Nbd7 11. e4 e5 12. Be3 Re8 13. Rfd1 Qc8 14. dxe5 Nxe5 15. Nd5 Bxd5 16. cxd5 Bf8 17. Nd4 g6 18. Nb5 Re7 19. Rac1 Qd8 20. Nxc7 Rc8 21. Bxb6 Rexc7 22. Bxc7 Qd7 23. Qc3 Ne8 24. Bxa5 Rxc3 25. Bxc3 Bg7 26. Bd4 h5 27. Ra1 h4 28. a4 h3 29. Bh1 Qg4 30. Bxe5 Bxe5 31. a5 Nc7 32. Rdb1 Bd4 33. a6 Qe2 34. Rf1 Nxa6 35. Ra4 Bxf2+ 36. Rxf2 Qd1+ 37. Rf1 0-1

[Event "Titled Tuesday intern op 11th Jan"]
[Site "Chess.com INT"]
[Date "2022.01.11"]
[Round "2"]
[White "Milosevic, Milos"]
[Black "Pertinez Soria, Juan Luis"]
[Result "1-0"]
[WhiteElo "2296"]
[BlackElo "2179"]
[PlyCount "223"]
[EventDate "2022.01.11"]
[EventType "swiss (blitz)"]
[EventRounds "11"]
[EventCountry "USA"]
[SourceTitle "CBM 206 Extra"]
[Source "ChessBase"]
[SourceDate "2022.03.31"]
[SourceVersion "1"]
[SourceVersionDate "2022.03.31"]
[SourceQuality "1"]

1. e4 c5 2. h4 e6 3. h5 Nc6 4. Nf3 d5 5. Nc3 h6 6. d3 Nf6 7. Bf4 Bd6 8. e5 d4 9. Ne2 Qa5+ 10. Bd2 Qb6 11. exf6 gxf6 12. Rb1 e5 13. Ng3 Bg4 14. Be2 0-0-0 15. Nxd4 Nxd4 16. Bxg4+ Kb8 17. c3 Nc6 18. Qb3 Qc7 19. Ne4 Be7 20. Qxf7 Rxd3 21. Be3 Rf8 22. Qc4 f5 23. Qxd3 fxg4 24. Bxh6 Rd8 25. Qg3 Qd7 26. 0-0 Qf5 27. Bg7 Qxh5 28. Nf6 Qf7 29. Qxg4 Bxf6 30. Bxf6 Qxf6 31. Rbd1 Rh8 32. f4 e4 33. Qg5 Qf7 34. Rfe1 Qh7 35. Qg3 a6 36. Kf2 Ka7 37. Qe3 Kb6 38. b4 Qh4+ 39. Qg3 Qe7 40. bxc5+ Ka7 41. Qe3 Re8 42. Rd5 Qh4+ 43. Qg3 Qh7 44. f5 Qh6 45. Qe3 Qh4+ 46. Qg3 Qh6 47. Qe3 Qh4+ 48. Ke2 Qh2 49. Kd2 Ne5 50. Kc2 Nc4 51. Qe2 Na3+ 52. Kb3 Nb5 53. c6 bxc6 54. Rd7+ Kb6 55. Qf2+ c5 56. f6 Qe5 57. f7 Qe6+ 58. c4 Qxd7 59. fxe8Q Qxe8 60. cxb5 axb5 61. Qf6+ Ka5 62. Qc3+ Kb6 63. Qe3 Qe6+ 64. Kb2 Qe5+ 65. Kc2 Qd5 66. Qxe4 Qxa2+ 67. Kd3 Qb3+ 68. Ke2 b4 69. Kf2 Qc3 70. Qe6+ Kb5 71. Qd7+ Kc4 72. Re4+ Kb3 73. Qd1+ Qc2+ 74. Qxc2+ Kxc2 75. g4 Kd3 76. Re2 c4 77. g5 c3 78. g6 b3 79. g7 c2 80. g8Q c1Q 81. Qxb3+ Kd4 82. Qe3+ Qxe3+ 83. Rxe3 Kd5 84. Kf3 Kd4 85. Kf4 Kd5 86. Re4 Kd6 87. Kf5 Kd7 88. Kf4 Kd8 89. Ke3 Kd7 90. Kd4 Kd6 91. Re5 Kc6 92. Ke4 Kb6 93. Kf5 Kc6 94. Ke6 Kc7 95. Rd5 Kc6 96. Rd2 Kc5 97. Rd7 Kc4 98. Rd8 Kc5 99. Rc8+ Kd4 100. Rc7 Ke4 101. Rc4+ Kd3 102. Kd5 Ke3 103. Ra4 Kd3 104. Ra3+ Kc2 105. Kc4 Kb2 106. Rg3 Kc2 107. Rg2+ Kd1 108. Kd3 Ke1 109. Ra2 Kf1 110. Ke3 Kg1 111. Kf3 Kh1 112. Kg3 1-0

[Event "Titled Tuesday intern op 21st Sept"]
[Site "Chess.com INT"]
[Date "2021.09.21"]
[Round "6"]
[White "Bures, Vit"]
[Black "Pertinez Soria, Juan Luis"]
[Result "1/2-1/2"]
[WhiteElo "2110"]
[BlackElo "2165"]
[PlyCount "126"]
[EventDate "2021.09.21"]
[EventType "swiss (blitz)"]
[EventRounds "9"]
[EventCountry "USA"]
[SourceTitle "EXT 2022"]
[Source "ChessBase"]
[SourceDate "2021.10.06"]
[SourceVersion "1"]
[SourceVersionDate "2021.10.06"]
[SourceQuality "1"]

1. d4 Nf6 2. c4 e6 3. Nc3 Bb4 4. e3 b6 5. Nge2 Bb7 6. a3 Be7 7. d5 0-0 8. Ng3 d6 9. Be2 Nbd7 10. 0-0 a5 11. e4 Nc5 12. Be3 g6 13. b4 axb4 14. axb4 Rxa1 15. Qxa1 Ncd7 16. Qa7 Qc8 17. Nb5 h5 18. f3 h4 19. Nh1 Ne8 20. Nf2 c6 21. dxc6 Qxc6 22. Nd4 Qc8 23. Rc1 Ne5 24. Qxb6 Bd8 25. Qa7 h3 26. Nxh3 Bf6 27. Nf2 Ng7 28. Nb5 Rd8 29. Qb6 Be7 30. f4 Nd7 31. Qd4 Ne8 32. Ng4 Nef6 33. Nxd6 Bxd6 34. Qxd6 Nxg4 35. Bxg4 Nf6 36. Bxe6 Rxd6 37. Bxc8 Bxc8 38. e5 Re6 39. b5 Ng4 40. Bd4 Bb7 41. c5 Be4 42. c6 Re8 43. b6 Rb8 44. c7 Rc8 45. Rb1 Bb7 46. Bc5 f6 47. Ra1 fxe5 48. Ra7 Bd5 49. b7 Bxb7 50. Rxb7 Kf7 51. Bd6 exf4 52. Rb8 Ke6 53. Rxc8 Kxd6 54. Rg8 Kxc7 55. Rxg6 Ne5 56. Rg7+ Kd6 57. h4 f3 58. h5 fxg2 59. h6 Nf3+ 60. Kxg2 Nh4+ 61. Kh3 Nf5 62. h7 Nxg7 63. h8Q Ne6 1/2-1/2

[Event "Titled Tuesday intern op 08th June"]
[Site "Chess.com INT"]
[Date "2021.06.08"]
[Round "7"]
[White "Pertinez Soria, Juan Luis"]
[Black "Vidruska, Renate"]
[Result "1-0"]
[WhiteElo "2165"]
[BlackElo "2000"]
[PlyCount "73"]
[EventDate "2021.06.08"]
[EventType "swiss (blitz)"]
[EventRounds "11"]
[EventCountry "USA"]
[SourceTitle "CBM 202 Extra"]
[Source "ChessBase"]
[SourceDate "2021.07.31"]
[SourceVersion "1"]
[SourceVersionDate "2021.07.31"]
[SourceQuality "1"]

1. e4 e5 2. f4 d5 3. exd5 exf4 4. Nf3 Nf6 5. d4 Nxd5 6. Bc4 Nb6 7. Bb3 Bd6 8. 0-0 0-0 9. c4 c5 10. d5 a5 11. a3 a4 12. Ba2 N8d7 13. Nc3 Re8 14. Qc2 Nf6 15. Bd2 Bg4 16. Rae1 Qd7 17. Ng5 Bf5 18. Qc1 Bd3 19. Rxf4 Bxf4 20. Bxf4 Rxe1+ 21. Qxe1 Bxc4 22. Bxc4 Nxc4 23. Nce4 Nxe4 24. Qxe4 g6 25. Qxc4 Qf5 26. h3 Qb1+ 27. Kh2 Qxb2 28. Ne4 f5 29. Nxc5 Qf6 30. d6+ Kg7 31. Nd7 Qf7 32. Be5+ Kg8 33. Nf6+ Kf8 34. Qc5 Rd8 35. d7+ Kg7 36. Ng4+ Kg8 37. Nh6# 1-0

[Event "Titled Tuesday intern op 25th May"]
[Site "Chess.com INT"]
[Date "2021.05.25"]
[Round "6"]
[White "Weber, Samuel"]
[Black "Pertinez Soria, Juan Luis"]
[Result "1-0"]
[WhiteElo "2288"]
[BlackElo "2165"]
[PlyCount "61"]
[EventDate "2021.05.25"]
[EventType "swiss (blitz)"]
[EventRounds "11"]
[EventCountry "USA"]
[SourceTitle "CBM 203 Extra"]
[Source "ChessBase"]
[SourceDate "2021.09.30"]
[SourceVersion "1"]
[SourceVersionDate "2021.09.30"]
[SourceQuality "1"]

1. Nf3 g6 2. d4 Bg7 3. e4 d6 4. Nc3 Nf6 5. Bg5 Nc6 6. Qd2 0-0 7. 0-0-0 e5 8. dxe5 dxe5 9. Qxd8 Rxd8 10. Rxd8+ Nxd8 11. Bxf6 Bxf6 12. Nd5 Kg7 13. Nxc7 Be6 14. Nxa8 Nc6 15. Nc7 Bc8 16. Ne8+ Kh6 17. Nxf6 Kg7 18. Ne8+ Kf8 19. Nd6 Bd7 20. Nxb7 Ke7 21. Nc5 Be8 22. Bb5 f5 23. exf5 gxf5 24. Bxc6 Bxc6 25. Nxe5 Bxg2 26. Rg1 Bd5 27. Rg7+ Kd6 28. Ncd3 h5 29. f4 Be4 30. Rd7+ Ke6 31. Nc5+ 1-0

[Event "Titled Tuesday intern op 27th Apr"]
[Site "Chess.com INT"]
[Date "2021.04.27"]
[Round "4"]
[White "Hernandez Jimenez, Alexander Andres"]
[Black "Pertinez Soria, Juan Luis"]
[Result "1-0"]
[WhiteElo "2132"]
[BlackElo "2165"]
[PlyCount "99"]
[EventDate "2021.04.27"]
[EventType "swiss (blitz)"]
[EventRounds "11"]
[EventCountry "USA"]
[SourceTitle "CBM 202 Extra"]
[Source "ChessBase"]
[SourceDate "2021.07.31"]
[SourceVersion "1"]
[SourceVersionDate "2021.07.31"]
[SourceQuality "1"]

1. e4 e6 2. d4 d5 3. Nd2 Nf6 4. e5 Nfd7 5. f4 c5 6. Ndf3 Nc6 7. Ne2 g6 8. c3 Bg7 9. g3 0-0 10. Bh3 Qb6 11. 0-0 cxd4 12. Nexd4 Nc5 13. Qe2 Ne4 14. Be3 Qc7 15. Nd2 Nxd2 16. Qxd2 Na5 17. b3 a6 18. a4 Nc6 19. Rac1 Qe7 20. Nxc6 bxc6 21. b4 Re8 22. Bc5 Qb7 23. a5 Bf8 24. Qd4 Bxc5 25. Qxc5 Qa7 26. Qf2 Qxf2+ 27. Kxf2 Re7 28. Ke3 h5 29. Rfd1 Rc7 30. Kd4 Kf8 31. Bf1 Ke7 32. c4 Rb8 33. Rb1 Rcb7 34. Kc5 Bd7 35. cxd5 cxd5 36. Bxa6 Rc7+ 37. Kd4 Rc2 38. Bd3 Rxh2 39. Rdc1 Ra2 40. Rc7 Kd8 41. Ra7 Ra3 42. b5 h4 43. gxh4 Ra4+ 44. Ke3 d4+ 45. Kd2 Ra2+ 46. Kd1 Rh2 47. a6 Rc8 48. Rxd7+ Kxd7 49. b6 Rh1+ 50. Kd2 1-0

[Event "Titled Tuesday intern op 27th Apr"]
[Site "Chess.com INT"]
[Date "2021.04.27"]
[Round "2"]
[White "Pertinez Soria, Juan Luis"]
[Black "Petrova, Irina"]
[Result "0-1"]
[WhiteElo "2165"]
[BlackElo "2120"]
[PlyCount "60"]
[EventDate "2021.04.27"]
[EventType "swiss (blitz)"]
[EventRounds "11"]
[EventCountry "USA"]
[SourceTitle "CBM 202 Extra"]
[Source "ChessBase"]
[SourceDate "2021.07.31"]
[SourceVersion "1"]
[SourceVersionDate "2021.07.31"]
[SourceQuality "1"]

1. d4 d6 2. e4 Nf6 3. Nc3 e5 4. Nge2 Nc6 5. d5 Ne7 6. g3 Ng6 7. Bg2 Bd7 8. Bg5 h6 9. Be3 Qc8 10. h4 h5 11. a4 Ng4 12. Bg5 Be7 13. Bxe7 Nxe7 14. Qd3 a6 15. a5 Ng6 16. Nd1 f5 17. Ne3 f4 18. gxf4 Nxf4 19. Nxf4 exf4 20. Nxg4 Bxg4 21. e5 0-0 22. e6 f3 23. Bf1 c6 24. c4 cxd5 25. cxd5 Bxe6 26. dxe6 Qxe6+ 27. Kd1 Rac8 28. Bh3 Qe5 29. Rb1 Rc5 30. Re1 Rd5 0-1